000 01407cam a2200301 i 4500
001 16164
003 DO-SdUEMH
005 20260116141228.0
007 ta
008 211105s1999 dr a|||gr|||| 000 0 spa|d
040 _aDO-SdUEMH
_bspa
_erda
041 _aspa
082 1 4 _aRD307.76729367 R426S
_bR426i
_mRD
084 _b08-01033
100 _aCorral, Julio C.
_eaut
245 1 0 _aLineamientos de políticas de desarrollo urbano para la ciudad de San Ignacio de Sabaneta /
_cJulio C. Corral, Rosa A. María, Yessica Vargas, Miguel Corona ; prólogo: Mercedes Sabater de Macarrulla
246 _aSan Ignacio de Sabaneta :
_blineamientos de políticas de desarrollo urbano
260 _c1999
264 0 1 _aSantiago de los Caballeros :
_bCEUR / PUCMM,
_c1999
300 _a207 páginas :
_bilustraciones ;
_c27 cm.
336 _2rdacontent
_atexto
_btxt
337 _2rdamedia
_asin mediación
_bn
338 _2rdacarrier
_avolumen
_bnc
504 _aBibliografías en paginas 189-190-191
505 2 _aIntroducción -- Subregión Cibao Occidental -- Caracterización de la ciudad de San Ignacio de Sabaneta -- Escenario I. Escenario previsible: tendencias actuales de la ciudad de San Ignacio de Sabaneta -- Propuesta de organización espacial urbana -- Escenario II. Escenario deseable: hacia un futuro más sustentable de la ciudad de San Ignacio de Sabaneta.
942 _2ddc
_cBK
_n0
999 _c16164
_d16164